LIBRARY & INFORMATION CENTRE, KCAET, TAVANUR

ONLINE PUBLIC ACCESS CATALOGUE (OPAC)

Data structures (Record no. 13935)

MARC details
000 -LEADER
fixed length control field 00301nam a22001217a 4500
020 ## - INTERNATIONAL STANDARD BOOK NUMBER
ISBN 9780070601680
082 ## - DEWEY DECIMAL CLASSIFICATION NUMBER
Classification number 005.73
Item number LIP/DA
100 ## - MAIN ENTRY--AUTHOR NAME
Personal name Lipschutz, Seymour
245 ## - TITLE STATEMENT
Title Data structures
260 ## - PUBLICATION, DISTRIBUTION, ETC. (IMPRINT)
Place of publication New Delhi
Name of publisher Tata McGraw Hill Education
Year of publication 2012
700 ## - ADDED ENTRY--PERSONAL NAME
Personal name Pai, Vijayalakshmi G A
942 ## - ADDED ENTRY ELEMENTS (KOHA)
Koha item type Books
Holdings
Withdrawn status Lost status Damaged status Collection code Home library Current library Shelving location Date acquired Source of acquisition Cost, normal purchase price Full call number Accession Number Koha item type
      Non-fiction KAUAET KAUAET General Stacks 30/03/2013 Calicut Book Distributors 350.00 005.73 LIP/DA 23672 Books
free website counter